000 00575nam a2200181Ia 4500
005 20250507130156.0
008 008 250505s9999 xx 000 0 eng d
037 _aSeries Article
040 _aEASL
_beng
_cEASL
041 _aeng
_2eng
084 _qEASL
245 0 _aPrefecture-level statistics as a source of data for research into China's regional development Carsten Herrmann-Pillath, etc.
260 _aUK
_bLondon School of Oriental & African Studies
_c2002
300 _a956-985
650 _aChina
942 _cSRA
999 _c1318116
_d1318116